| 000 | 00510nam a22001577a 4500 | ||
|---|---|---|---|
| 003 | OSt | ||
| 005 | 20150917162415.0 | ||
| 008 | 150917b xxu||||| |||| 00| 0 eng d | ||
| 040 | _cRUA | ||
| 082 | _aAGR SOK 2001 B026 Or.1 | ||
| 100 |
_9704 _aSOK, RIDEN. |
||
| 245 | _aTechniques of growing mangosteen in kampot province បច្ចេកទេសដាំដំណាំមង្ឃុត នៅខេត្តកំពត | ||
| 260 |
_aPhnom Penh _bRUA _c2001 |
||
| 300 |
_a47p. _bill. _c29cm. |
||
| 942 |
_2ddc _cAGR |
||
| 999 |
_c677 _d677 |
||